00431nam a2200085Ia 4500008004100000245001800041300022400059650001600283856004600299170517s9999 xx 000 0 und d 4aThe Truth 365 aIn less than ten years social media has taken the world by storm. We can now communicate with almost anyone from anywhere effortlessly and instantly and the ways we use social media are endless: to stay in touch, for... xTechnology. uhttp://topdocumentaryfilms.com/truth-365/